5HLuxD.jpg

KING HENRY VIII SENIOR AND PRIMARY SCHOOL LIBRARY OPAC

Beasts of no nation : (Record no. 5836)

000 -LEADER
fixed length control field 01677cam a2200349 a 4500
001 - CONTROL NUMBER
control field 13881138
003 - CONTROL NUMBER IDENTIFIER
control field OSt
005 - DATE AND TIME OF LATEST TRANSACTION
control field 20251118111618.0
008 - FIXED-LENGTH DATA ELEMENTS--GENERAL INFORMATION
fixed length control field 050223s2005 nyu 000 1 eng
010 ## - LIBRARY OF CONGRESS CONTROL NUMBER
LC control number 2005043343
020 ## - INTERNATIONAL STANDARD BOOK NUMBER
International Standard Book Number 9780062420114
035 ## - SYSTEM CONTROL NUMBER
System control number 13881138
035 ## - SYSTEM CONTROL NUMBER
System control number (OCoLC)58478640
040 ## - CATALOGING SOURCE
Original cataloging agency DLC
Transcribing agency DLC
Modifying agency UKM
-- BAKER
-- C#P
-- VP@
-- NLGGC
-- DLC
-- KH8
043 ## - GEOGRAPHIC AREA CODE
Geographic area code f------
082 ## - DEWEY DECIMAL CLASSIFICATION NUMBER
Classification number FIC UZO
084 ## - OTHER CLASSIFICATION NUMBER
Classification number 18.06
Number source bcl
100 1# - MAIN ENTRY--PERSONAL NAME
Personal name Iweala, Uzodinma,
Relator term author.
245 10 - TITLE STATEMENT
Title Beasts of no nation :
Remainder of title a novel /
Statement of responsibility, etc. Uzodinma Iweala.
250 ## - EDITION STATEMENT
Edition statement 1st ed.
260 ## - PUBLICATION, DISTRIBUTION, ETC.
Place of publication, distribution, etc. New York :
Name of publisher, distributor, etc. HarperCollins Publishers,
Date of publication, distribution, etc. c2005.
300 ## - PHYSICAL DESCRIPTION
Extent 142 p. ;
Dimensions 19 cm.
336 ## - CONTENT TYPE
Content type term text
Content type code txt
Source rdacontent
337 ## - MEDIA TYPE
Media type term unmediated
Media type code n
Source rdamedia
338 ## - CARRIER TYPE
Carrier type term volume
Carrier type code nc
Source rdacarrier
520 ## - SUMMARY, ETC.
Summary, etc. This movie-tie in edition of the acclaimed debut novel by Uzodinma Iweala tells the unforgettable story of the life of a child soldier in a war-torn African country.<br/>In this stunning debut novel, Agu, a young boy in an unnamed West African nation, is recruited into a unit of guerrilla fighters as civil war engulfs his country. Haunted by his father's own death at the hands of militants, Agu is vulnerable to the dangerous yet paternal nature of his new commander. While the war rages on, Agu becomes increasingly divorced from the life he had known before the conflict started—a life of school friends, church services, and time with his family still intact.
650 #0 - SUBJECT ADDED ENTRY--TOPICAL TERM
Topical term or geographic name entry element Child soldiers
Form subdivision Fiction.
651 #0 - SUBJECT ADDED ENTRY--GEOGRAPHIC NAME
Geographic name Africa
Form subdivision Fiction.
655 #7 - INDEX TERM--GENRE/FORM
Genre/form data or focus term War stories.
Source of term gsafd
655 #7 - INDEX TERM--GENRE/FORM
Genre/form data or focus term Fiction.
Source of term lcgft
Authority record control number or standard number https://id.loc.gov/authorities/genreForms/gf2014026339
942 ## - ADDED ENTRY ELEMENTS (KOHA)
Source of classification or shelving scheme
Koha item type Books - Fiction
Holdings
Withdrawn status Lost status Source of classification or shelving scheme Damaged status Not for loan Collection code Permanent Location Current Location Shelving location Date acquired Full call number Barcode Date last seen Price effective from Koha item type
          Fiction KH8 Senior School Library KH8 Senior School Library Fiction 2025-11-18 FIC UZO 3KHSL000102528 2025-11-18 2025-11-18 Books - Fiction

Powered By KH8 IT Dept